Performance of RRII 400 series clones in the farmers field in Kerala, India. (Record no. 64771)

MARC details
000 -LEADER
fixed length control field 00501nam a2200145Ia 4500
100 ## - MAIN ENTRY--AUTHOR NAME
Personal name Thomas V
245 #0 - TITLE STATEMENT
Title Performance of RRII 400 series clones in the farmers field in Kerala, India.
260 ## - PUBLICATION, DISTRIBUTION, ETC. (IMPRINT)
Name of publisher IRRDB-RRII Workshop on Multilateral Clone Exchange, 4-6 June 2014, Rubber Research Institute of India, Kottayam, India.
650 ## - SUBJECT ADDED ENTRY--TOPICAL TERM
Topical Term RRII 400 series clones
700 ## - ADDED ENTRY--PERSONAL NAME
Personal name Gireesh T
700 ## - ADDED ENTRY--PERSONAL NAME
Personal name Narayanan C
856 ## - ELECTRONIC LOCATION AND ACCESS
Uniform Resource Identifier No article
942 ## - ADDED ENTRY ELEMENTS (KOHA)
Koha item type Journals
Holdings
Withdrawn status Lost status Damaged status Not for loan Home library Current library Shelving location Date acquired Koha item type
      Journals RRII Library RRII Library Botany 17/12/2021 Journals